Physical management for neurological conditions . (Record no. 7227)

MARC details
000 -LEADER
fixed length control field 00746nam a22002177a 4500
003 - CONTROL NUMBER IDENTIFIER
control field OSt
005 - DATE AND TIME OF LATEST TRANSACTION
control field 20210910143344.0
008 - FIXED-LENGTH DATA ELEMENTS--GENERAL INFORMATION
fixed length control field 210910b ||||| |||| 00| 0 eng d
040 ## - CATALOGING SOURCE
Transcribing agency NLM
082 ## - DEWEY DECIMAL CLASSIFICATION NUMBER
Classification number WL5 P579m 2011
100 ## - MAIN ENTRY--PERSONAL NAME
Personal name Edited by: Maria, Stokes: Emma ,Stack
9 (RLIN) 14851
245 ## - TITLE STATEMENT
Title Physical management for neurological conditions .
250 ## - EDITION STATEMENT
Edition statement 3rd ed
260 ## - PUBLICATION, DISTRIBUTION, ETC. (IMPRINT)
Place of publication, distribution, etc. Edinburgh :
Name of publisher, distributor, etc. Elsevier/ Churchill Livingstone,
Date of publication, distribution, etc. 2011
300 ## - PHYSICAL DESCRIPTION
Extent xviii, 430 p. :
Other physical details ill. ;
Dimensions 25 cm
504 ## - BIBLIOGRAPHY, ETC. NOTE
Bibliography, etc Includes bibliographical references and index.
650 ## - SUBJECT ADDED ENTRY--TOPICAL TERM
Topical term or geographic name as entry element Nervous system -- Diseases -- Physical therapy
9 (RLIN) 14852
650 ## - SUBJECT ADDED ENTRY--TOPICAL TERM
Topical term or geographic name as entry element Physical Therapy Modalities
9 (RLIN) 14853
650 ## - SUBJECT ADDED ENTRY--TOPICAL TERM
Topical term or geographic name as entry element Nervous System Diseases -- rehabilitation
9 (RLIN) 14854
942 ## - ADDED ENTRY ELEMENTS (KOHA)
Source of classification or shelving scheme Other/Generic Classification Scheme
Koha item type Book
Holdings
Withdrawn status Lost status Source of classification or shelving scheme Damaged status Not for loan Home library Current library Date acquired Source of acquisition Inventory number Total Checkouts Full call number Barcode Date last seen Price effective from Koha item type
    Other/Generic Classification Scheme     MUST Main Library MUST Main Library 10/09/2021 Purchase 21/41482   WL5 P579m 2011 2021-1131 10/09/2021 10/09/2021 Book
    Other/Generic Classification Scheme     MUST Main Library MUST Main Library 10/09/2021 Purchase 21/41481   WL5 P579m 2011 2021-1132 10/09/2021 10/09/2021 Book